Asas praktikal anaesthesia

Bibliographic Details
Main Author: Delilkan, A. E.
Format: Book
Language:Malay
Published: Kuala Lumpur : Penerbit Universiti Malaya , c1981
Subjects:

MARC

LEADER 00000cam a2200000 7i4500
001 0000013169
005 20230627.0
008 030927 my may
040 |a INS 
090 0 0 |a RD78.5   |b .D353 1981 
100 1 |a Delilkan, A. E. 
245 1 0 |a Asas praktikal anaesthesia   |c A. E. Delilkan 
260 |a Kuala Lumpur :   |b Penerbit Universiti Malaya ,   |c c1981 
300 |a x, 212 p. :   |b ill. ;   |c 25 cm. 
504 |a Includes bibliographical references 
650 0 |a Anaesthesia   |x Methods   |y Handbooks 
999 |a 0000009004   |b BOOK   |c Open Shelf   |e Default branch